| 000 | 00689nam a2200229 i 4500 | ||
|---|---|---|---|
| 001 | bg | ||
| 100 | 1 | _aKOPCZEWSKA, Katarzyna | |
| 245 | 1 | 0 |
_aEkonometria i statystyka przestrzenna z wykorzystaniem programu R CRAN / _cKatarzyna Kopczewska. |
| 260 |
_aWarszawa : _bCeDeWu, _c2006. |
||
| 300 |
_a161 s. : _b2 mapy, wykr. ; _c24 cm + _eCD ROM. |
||
| 504 | _aBibliogr. - Indeks. | ||
| 650 | 9 |
_aEkonometria _xmetody |
|
| 650 | 9 |
_aStatystyka gospodarcza _xmetody |
|
| 650 | 9 | _aR CRAN (informat.) | |
| 020 | _a9788360089071 | ||
| 040 | _cBPK | ||
| 041 | 0 | _apol | |
| 080 | _a330.43:311.3:004.42 | ||
| 920 | _a978-83-60089-07-1 | ||
| 942 | _cKS | ||
| 008 | s pl f |000 0 pol | ||
| 999 |
_c52900 _d52900 |
||
| 856 |
_uhttp://koha.tu.koszalin.pl/cgi-bin/koha/opac-detail.pl?biblionumber=52900 _yKatalog online BPK |
||